| 000 | 00467nam a2200157 a 4500 | ||
|---|---|---|---|
| 005 | 20140412111304.0 | ||
| 008 | 010328s19uu xx 00 eng d | ||
| 020 | _a0-87120-151-8 | ||
| 050 |
_aTR(GS 372.21 _bR435 1988 |
||
| 245 |
_aPublic school early childhood programs : _ba resour guide to / _cedited by Cynthia Warger. |
||
| 260 |
_aAlexandria, VA : _bASCD, _c1988. |
||
| 300 | _a198 p. | ||
| 500 | _aPreschool | ||
| 650 | _aPreschool programs | ||
| 999 |
_c103590 _d103590 |
||